|
|
|
|
| LEADER |
01200nam a2200325 a 4500 |
| 001 |
000005584 |
| 003 |
CZ BrMZK |
| 005 |
20231204064725.0 |
| 007 |
ta |
| 008 |
930701s1993 xr f 000 m cze d |
| 015 |
|
|
|a cnb000096996
|
| 020 |
|
|
|a 80-85424-46-0
|c 340.00
|
| 040 |
|
|
|a BOA001
|b cze
|
| 080 |
|
|
|a 681.34 LANtastic(035)
|2 MRF
|
| 100 |
1 |
|
|a Přichystal, Oldřich,
|d 1950-
|7 jn19990209697
|
| 245 |
1 |
0 |
|a LANtastic - fantazie v sítích peer-to-peer /
|c Oldřich Přichystal.
|
| 260 |
|
|
|a Praha :
|b Grada,
|c 1993
|
| 300 |
|
|
|a 253 s. ;
|c 22 cm
|
| 500 |
|
|
|a Ke knize vydána 1 disketa: sig=DIS-1047.784, disketa: sig=0264.563
|
| 504 |
|
|
|a Obsahuje bibliografii
|
| 653 |
0 |
|
|a lokální počítačové sítě
|
| 910 |
|
|
|a BOA001
|b 2-0991.053
|b TK-0256.340
|
| 920 |
|
|
|a 000115745
|
| 962 |
|
|
|a 681.3
|
| 964 |
|
|
|a LANtastic - sítě počítačové lokální - příručky
|
| 964 |
|
|
|a Sítě počítačové lokální - LANtastic - příručky
|
| 990 |
|
|
|a BK
|
| 991 |
|
|
|b 202312
|
| 996 |
6 |
|
|b 2610001466
|c 2-0991.053
|l MZK
|r Sklad / do 1 hodiny
|n 7
|p p.v.
|w 000005584
|u 000010
|a 1
|e BOA001
|j MZK50
|s P
|
| 996 |
7 |
|
|b 2629980800
|c TK-0256.340
|l MZK
|r Sklad / do 24 hodin
|n 1
|w 000005584
|u 000020
|a 1
|e BOA001
|j MZK50
|s A
|